000
00201 a2200085 4500
020
_a
978-0194202466
100
_a
Michael Swan
245
_a
Practical English Usage
260
_b
Oxford University Press
_c
2016
999
_c
13192
_d
13192